000 00395pab a2200169 454500
008 180718b2011 xxu||||| |||| 00| 0 eng d
100 _aHanseen, Kristin
245 _aAtrocities in Norway
260 _c2011
300 _ap.37-42.
362 _a24 Sep
650 _aAtrocities - Norway
650 _aAtrocities
773 _aEconomic and Political Weekly
908 _aN
909 _a93373
999 _c93373
_d93373